Les mots de la langue française terminés par "ail" - Statistiques

Statistiques générales
  • Ce quiz a été pris 164 fois
  • Le résultat moyen est 9 sur 21
Statistiques - réponses
Indice Mot % Correct
animaux bétail
77%
courriel email
77%
pull chandail
72%
entrée portail
65%
train rail
62%
buste poitrail
50%
rosace vitrail
48%
harem serail
46%
barrière corail
45%
convention bail
44%
tâche travail
43%
matériel attirail
41%
petit élément detail
40%
maison bercail
35%
boisson cocktail
29%
barre gouvernail
27%
ouverture soupirail
21%
mannequin épouvantail
18%
volet vantail
18%
voiture autorail
12%
troupeau harpail
3%
Aucun quiz correspondant
Distribution des résultats
% des personnes avec chaque résultat
Percentile par nombre de réponses
Votre historique - résultats
Vous n’avez pas pris ce quiz